50. yılında Türkiye Bankalar Birliği ve Türkiye'de bankacılık sistemi (Record no. 8433)

MARC details
000 -BAŞLIK
Sabit Uzunlukta Kontrol Alanı 00727na a2200229 4500
001 - KONTROL NUMARASI
Denetim Alanı 21301
003 - KONTROL NUMARASI IDENTIFIER
Denetim Alanı MIRAKIL
005 - SON İŞLEM TARİHİ VE ZAMANI
Denetim Alanı 20181213155212.0
008 - SABİT-BOY VERİ ELEMANLARI - GENEL BİLGİLER
Sabit Uzunlukta Kontrol Alanı 170203b tu 000 0
020 ## - ULUSLARARASI STANDART KİTAP NUMARASI
Uluslararası Standart Kitap Numarası 9789758564644
040 ## - KATALOGLAMA KAYNAK
Orijinal Kataloglama Ajansı Milas
Kataloglama Dili tur
Metne Dönüştürmek Ajansı TR-AnCHP
041 ## - DİL KODU
Metin / Ses Parça Veya Ayrı Başlığın Dil Kodu tur
082 ## - DEWEY ONLU SINIFLANDIRMA NUMARASI
Sınıflandırma Numarası 332.1
Ürün Numarası E44 2008
090 ## - SINIFLAMA NUMARASI
Sınıflama Numarası 332.1 E44 2008
245 ## - BAŞLIK TABLOSU
Başlık 50. yılında Türkiye Bankalar Birliği ve Türkiye'de bankacılık sistemi
Başlığın Kalan 1958-2007
Sorumluluk Tablosu, Vb Türkiye Bankalar Birliği
260 ## - YAYIN, DAĞITIM, VB
Yayın, Dağıtım, Vb Yeri İstanbul
Yayıncı, Dağıtıcı, Vs Adı Türkiye Bankalar Birliği
Yayın, Dağıtım, Vb Tarihi 2008
Üretici Firma Graphis Matbaa
300 ## - FİZİKSEL TANIM
Kapsam 271 s.
Diğer Fiziksel Ayrıntıları tbl. ; grf.
Boyutlar 30 sm.
490 ## - SERİSİ TABLOSU
Seri Beyanı Türkiye Bankalar Birliği
Hacim / Ardışık Tanımı 262
504 ## - KAYNAKÇA VB NOT
Kaynakça Vb Notu Kaynakça var.
650 ## - KONU KATMA GİRİŞ - TOPİKAL DÖNEM
Topikal Süreli Veya Coğrafi Ad Giriş Elemanı Banka ve bankacılık
Kronolojik Alt Bölümü Türkiye
942 ## - EKLENDİ GİRİŞ ELEMANLARI (KOHA)
Sınıflandırma Veya Raf Düzeni Kaynak
Koha Öğesi Türü Books
999 ## - SİSTEM KONTROL NUMARALARI (KOHA)
Koha Biblionumber 8433
Koha Biblioitemnumber 8433
Holdings
Kalıcı Konum Mevcut Konum Edinme Tarihi Edinim Kaynak Toplam Check-Out'Lar Tam Çağrı Numarası Barkod Tarih Son Görülme İtibaren Geçerli Fiyatlar Koha Öğesi Türü
CHP Kütüphanesi CHP Kütüphanesi 02/03/2017 Bağış   332.1 E44 2008 012232 02/03/2017 02/03/2017 Books